LEADER 01465nam a2200325 u 4500 001 000000034553 003 CaOOAMICUS 005 20070226112503.0 008 980127s1996 miu u000 u eng u 020 $a0 8010 6715 4 035 $a10781075 040 $aPUL$bita 041 0 $aeng$aheb 100 1 $aOwens, John Joseph,$d1918-$0(OLS)http://pul/name/26610 245 10$aAnalytical key to the Old Testament /$n3.$pEzra-Song of Solomon$cJohn Joseph Owens. 246 03$aEzra-Song of Solomon 250 $a4th. prt. 260 $aGrand Rapids, Michgan :$bBaker Book House,$c1996. 300 $axi, 660 p. ;$c25 cm 500 $aIl testo inglese della Bibbia in questa pubblicazione č stato adattato dalla RSV Bible. 630 04$aBiblia.$pV.T.$lEbraico.$0(OLS)http://pul/subject/17519 630 04$aBiblia.$pV.T.$lInglese.$0(OLS)http://pul/subject/17520 650 4$aLingua ebraica biblica.$0(OLS)http://pul/subject/14997 850 $aPUL 852 $aPUL$W1$xSL Cons. Gen., Altre Classi 1$y1$m2004 F 3$j47307$nBK-PRI$b $qStampati$B47307$CPULBib$Z2$F47307 $H $81 941 1 $a8 996 $6020$a0 8010 6715 4$9(OLS)http://pul/number/43399 996 $6245$aAnalytical key to the Old Testament /$n3.$pEzra-Song of Solomon$9(OLS)http://pul/title/47567 996 $6246$aEzra-Song of Solomon$9(OLS)http://pul/title/47568 996 $6260$aGrand Rapids, Michgan :$bBaker Book House$9(OLS)http://pul/publisher/62126 LEADER 01463nam a2200337 a 4500 001 000000140070 003 CaOOAMICUS 005 20141020095456.0 008 141020s1978 it u000 u ita r 040 $aPUL$bita 041 1 $aita$hfre 082 04$a335.4 100 1 $aKollontaj, Aleksandra.$0(OLS)http://pul/name/90325 245 10$aComunismo, famiglia, morale sessuale /$cAleksandra Kollontaj ; introduzione e cura di Mariella Gramaglia. 260 $aRoma :$bSavelli,$c©1978. 300 $a191 p. ;$c19 cm 490 1 $aCultura politica ;$v168 490 1 $aCultura politica. Sez. Femminismo ;$v07 650 4$aComunismo$zRussia.$0(OLS)http://pul/subject/39106 650 4$aSessualitą$zRussia.$0(OLS)http://pul/subject/40793 650 4$aFamiglia$zRussia.$0(OLS)http://pul/subject/40794 700 1 $aGramaglia, Mariella.$0(OLS)http://pul/name/90326 830 0$aCultura politica (Savelli) ;$v168.$0(OLS)http://pul/title/177313 830 0$aCultura politica.$pSezione femminismo ;$v07.$0(OLS)http://pul/title/177314 850 $aPUL 852 $aPUL$W1$xSL Diritto e Scienze Sociali 3$y79$m335. 4 KOLAL 1$j161806$qDDC 21$B161249$CPULBib$Z2$F161249 $H124783 $82 941 1 $a9 996 $6082$a335.4$9(OLS)http://pul/classification/565 996 $6245$aComunismo, famiglia, morale sessuale$9(OLS)http://pul/title/177312 996 $6260$aRoma :$bSavelli$9(OLS)http://pul/publisher/68235